Journal of Entrepreneurship, Management and Innovation

Bibliographic Details
Format: eBook
Language:English
Published: Varsovia: Fundacja Upowszechniajaca Wiedze i Nauke Cognitione, 2018 -
Subjects:
Online Access:Acceso restringido

MARC

LEADER 00000nam a22000007a 4500
005 20191016221733.0
007 cr|||| ||||
008 191016c20189999pl qr|w s|||| 0|||b1eng d
022 |a 2299-7075 
035 |a 22349 
040 |a vLex 
090 |c 9861  |d 9861 
245 0 0 |a Journal of Entrepreneurship, Management and Innovation  |h [Recurso electrn̤ico] / 
256 |a Servicio en ln̕ea 
260 |a Varsovia:  |b Fundacja Upowszechniajaca Wiedze i Nauke Cognitione,  |c 2018 - 
300 |a 1 recurso electrn̤ico 
310 |a Trimestral 
506 1 |a Disponible solo en los productos indicados  |d vLex Global  |d vLex Global (Academic Edition, excluding Law Schools)  |d vLex Global (U.S. Academic Edition, Law Schools)  |d vLex Global (U.S. Academic Edition, excluding Law Schools)  |d vLex Global (Academic Edition, Law Schools) 
650 0 4 |a Economa̕ y negocios  |z Polonia 
740 0 |a vLex Revistas (Servicio en ln̕ea) 
856 4 0 |u http://vlex.com/source/22349  |z Acceso restringido 
942 |c REV 
999 0 |a Economy and business